000 00688nam a2200217 i 4500
001 C2-0281113
003 PPAK
005 20180728011825.0
008 070801s my a|||| ||||| | may d
040 _aPPAK
_beng
_cPPAK
_erda
082 0 4 _a320.8
_223
090 0 0 _a320.8
_bLAP
_dKK
245 0 0 _aLaporan strategi dan konsep pembangunan rancangan tempatan Bandar Baharu
264 1 _aAlor Setar, Kedah :
_bJabatan Perancangan Bandar dan Desa ,
300 _a21 pages :
_bcolour illustrations ;
_c30 cm
336 _2rdacontent
_atext
337 _2rdamedia
_aunmediated
338 _2rdacarrier
_avolume
650 1 0 _aMinicipal corporation ; City planning - Malaysia
942 _ddc
_cB
999 _c87524
_d87524